Statistics for NPB 日本プロ野球 みずほPayPayドーム福岡 初記録

Click here to take the quiz!

General Stats

  • This quiz has been taken 5 times
  • The average score is 11 of 18

Answer Stats

記録名選手名% Correct
初セーブ則本昂大
100%
初勝利津森宥紀
75%
初与四球今井達也
75%
初被安打モイネロ
75%
初奪三振モイネロ
75%
初ホールド松本裕樹
50%
初与死球隅田知一郎
50%
初敗北増田達至
50%
初安打平沼翔太
50%
初本塁打金子侑司
50%
初犠飛佐藤龍世
50%
初犠打外崎修汰
50%
初死球周東佑京
50%
初四球甲斐拓也
50%
初三振アギラー
50%
初盗塁中村剛也
50%
初打点金子侑司
50%
初併殺打近藤健介
50%

Score Distribution

Percentile by Number Answered

Percent of People with Each Score

Your Score History

You have not taken this quiz